Aktuálne problémy a trendy torzného kmitania tézy habilitačnej prednášky k habilitačnému pokračovaniu za docenta v odbore 5.2.5 Časti a mechanizmy strojov
| Main Author: | |
|---|---|
| Format: | Book |
| Language: | Slovak |
| PhysicalDescription: | 38 s. grafy, ilustr., sch. 24 cm |
| Published: |
Košice
Technická univerzita, Strojnícka fakulta
2014
|
| ISBN: | 9788055321165 |
| Edition: | 1. vyd. |
| Series: | Edícia vedeckej a odbornej literatúry
Vedecké spisy strojníckej fakulty ; zv. 01 Habilitačné a inauguračné spisy |
| Subjects: |
MARC
| LEADER | 00000nam a2200000 a 4500 | ||
|---|---|---|---|
| 001 | vtls010872664 | ||
| 003 | SK-MaSNL | ||
| 005 | 20260301134339.0 | ||
| 008 | 240313s2014 xo dp f an 000 0 slo | ||
| 015 | |a SNBA2015/10 | ||
| 020 | |a 9788055321165 |q (brož.) | ||
| 035 | |a 89745F58-6E13-4451-A6AB-7B4A93A884DB | ||
| 035 | |a urn:nbn:sk:snk-aml33o | ||
| 035 | |a urn:nbn:sk:snk-am008lbz | ||
| 040 | |a SNK |b slo |c SNK |e AACR2 | ||
| 041 | 0 | |a slo |b eng |b slo | |
| 044 | |a xo |c SK | ||
| 072 | 7 | |a 62 |x Technika všeobecne |2 konspekt | |
| 072 | 7 | |a 534 |x Mechanické kmity. Akustika |2 konspekt | |
| 072 | 7 | |a 621 |x Strojárstvo |2 konspekt | |
| 080 | |a 62-55 |2 2001 | ||
| 080 | |a 62-752.2 |2 2001 | ||
| 080 | |a 534.01 |2 2001 | ||
| 080 | |a 531/534 |2 2001 | ||
| 080 | |a (043.5) |2 2001 | ||
| 080 | |a 621.82/.85 |2 2001 | ||
| 100 | 1 | |a Kaššay, Peter, |d 1982- |4 aut |9 162328 | |
| 245 | 1 | 0 | |a Aktuálne problémy a trendy torzného kmitania |b tézy habilitačnej prednášky k habilitačnému pokračovaniu za docenta v odbore 5.2.5 Časti a mechanizmy strojov |c Peter Kaššay |
| 250 | |a 1. vyd. | ||
| 260 | |a Košice |b Technická univerzita, Strojnícka fakulta |c 2014 | ||
| 300 | |a 38 s. |b grafy, ilustr., sch. |c 24 cm | ||
| 366 | |e 50 výt. ; Nepredajné | ||
| 490 | 1 | |a Edícia vedeckej a odbornej literatúry | |
| 490 | 1 | |a Vedecké spisy strojníckej fakulty ; |v zv. 01 | |
| 490 | 1 | |a Habilitačné a inauguračné spisy | |
| 504 | |a Bibliogr.: s. 33-37 | ||
| 546 | |a Res. angl. | ||
| 650 | 0 | 7 | |a regulačná technika |2 SNKPH |9 67888 |
| 650 | 0 | 7 | |a Regulating technology |2 SNKPHeng |9 277038 |
| 650 | 0 | 7 | |a torzné kmitanie |2 SNKPH |9 421365 |
| 650 | 0 | 7 | |a vibroizolácia |2 SNKPH |9 165992 |
| 650 | 0 | 7 | |a Vibroisolation |2 SNKPHeng |9 488083 |
| 650 | 0 | 7 | |a Oscillations |2 SNKPHeng |9 291778 |
| 650 | 0 | 7 | |a mechanické sústavy |2 SNKPH |9 247600 |
| 650 | 0 | 7 | |a Mechanical systems |2 SNKPHeng |9 349787 |
| 650 | 0 | 7 | |a mechanizmy strojov |2 SNKPH |9 3646 |
| 655 | 7 | |a habilitačné práce |2 SNKPH |9 70777 | |
| 655 | 7 | |a Habilitation theses |2 SNKPHeng |9 316692 | |
| 810 | 2 | |a Technická univerzita v Košiciach. |b Strojnícka fakulta |t Edícia vedeckej a odbornej literatúry |9 176109 | |
| 810 | 2 | |a Technická univerzita v Košiciach. |b Strojnícka fakulta |t Vedecké spisy Strojníckej fakulty |9 316680 | |
| 810 | 2 | |a Technická univerzita v Košiciach. |b Strojnícka fakulta |t Habilitačné a inauguračné spisy |9 316681 | |
| 919 | |a 978-80-553-2116-5 | ||
| 958 | |a NB | ||
| 999 | |c 756749 |d 758679 | ||
| 952 | |a SNK |b SNK |y PREZ |7 0 |p 17A1171995 |o snkSC 166290 |i snk2015/26866 |8 0 |0 0 |1 0 |4 0 |d 2015-09-22 |f 1 |l 0 |r 2026-02-23 23:51:58 |w 2026-02-23 | ||
| 952 | |a SNK |b SNK |y VYP |7 0 |p 17A1171996 |o snkSC 166290 D1 |i snk2015/26867 |8 0 |0 0 |1 0 |4 0 |d 2015-09-22 |l 0 |r 2026-02-23 23:51:58 |w 2026-02-23 | ||


